000 01296cam a2200361 a 4500
001 2944366
003 OSt
005 20140310184415.0
008 900620s1991 nyub j 000 1 eng
010 _a 90042207
020 _a0590440365
_c$13.95 ($15.95 Can.)
040 _aDLC
_cDLC
_dDLC
_dOCoLC
_dDLC
042 _alcac
050 0 0 _aPZ 7
_b.W8606 1991
100 1 _aWoodruff, Elvira.
_95590
245 1 0 _aGeorge Washington's socks /
_cElvira Woodruff.
260 _aNew York :
_bScholastic,
_c1991.
300 _a166 p. :
_c22 cm.
521 _aG6
526 _c840
600 1 0 _aWashington, George,
_d1732-1799
_xJuvenile fiction.
_923684
600 1 1 _aWashington, George,
_d1732-1799
_xFiction.
_923685
650 1 _aSpace and time
_xFiction.
_923686
651 0 _aUnited States
_xHistory
_yRevolution, 1775-1783
_xJuvenile fiction.
_923687
651 1 _aUnited States
_xHistory
_xRevolution, 1775-1783
_xFiction.
_923688
655 7 _aHistorical fiction.
_2gsafd
_92926
906 _a7
_bcbc
_corignew
_d1
_eocip
_f19
_gy-gencatlg
942 _2lcc
_cBK-SCHOLAS
999 _c34148
_d34148